000 00619nam a22001937a 4500
005 20180423114222.0
010 _aENG-122743
020 _a9788181523648
_c1495.00
035 _aEN-106275
037 _bDBAD/PUB.
082 _a305.42
100 _aReddy, G. Vidya Sagar
245 _aWomen empowerment /
_cby G. Vidya Sagar Reddy
260 _aJaipur
_bBook Enclave
_c2015
270 _aF-11, S.S. Tower, Dhamani Street, Chaura Rasta,
_bJaipur
_e302003
_k+91-141-2311900
_mbookenclave@yahoo.com
300 v _a290p.
_c22cm.(Hb)
_bill.
500 _aIt include index
942 _2ddc
_cEN
_mRED
_h305.42
999 _c151663
_d151663